书目信息 |
| 题名: |
中国国家地理地图:简明版
|
|
| 作者: | ;《中国国家地理地图》编委会 编著 | |
| 分册: | ||
| 出版信息: | 北京 中国大百科全书出版社 2011.01 |
|
| 页数: | 585页 | |
| 开本: | 20cm | |
| 丛书名: | ||
| 单 册: | ||
| 中图分类: | K29-64 | |
| 科图分类: | ||
| 主题词: | 中国--地方史 , 中国--地方志 | |
| 电子资源: | ||
| ISBN: | 7-5000-8453-6 | |
| 000 | 00748nam0 2200205 450 | |
| 001 | 2257326997 | |
| 005 | 20221011155727.17 | |
| 010 | @a7-5000-8453-6@dCNY88.00 | |
| 100 | @a20221011d2011 km y0chiy0120 ea | |
| 101 | 0 | @achi |
| 102 | @aCN@b110000 | |
| 200 | 1 | @a中国国家地理地图:简明版@AZhong Guo Guo Jia Di Li Di Tu:Jian Ming Ban@f《中国国家地理地图》编委会编著@F《Zhong Guo Guo Jia Di Li Di Tu》Bian Wei Hui Bian Zhu |
| 210 | @a北京@c中国大百科全书出版社@d2011.01 | |
| 215 | @a585页@d20cm | |
| 606 | 0 | @a中国@x地方史 |
| 606 | 0 | @a中国@x地方志 |
| 690 | @aK29-64@v4 | |
| 711 | 02 | @a《中国国家地理地图》编委会@A《Zhong Guo Guo Jia Di Li Di Tu》Bian Wei Hui@4编著 |
| 801 | 0 | @aCN@b大连网信软件有限公司图书馆·11@c20221011 |
| 905 | @aZUCC@dK29-64@eZY39 | |
| 中国国家地理地图:简明版/《中国国家地理地图》编委会编著.-北京:中国大百科全书出版社,2011.01 |
| 585页;20cm |
| ISBN 7-5000-8453-6:CNY88.00 |
| ● |
| 相关链接 |
|
|
|
|
正题名:中国国家地理地图:简明版
索取号:K29-64/ZY39
 
预约/预借
| 序号 | 登录号 | 条形码 | 馆藏地/架位号 | 状态 | 备注 |
| 1 | 7905101 | 279051017 | 密集书库-资源管理系/ [索取号:K29-64/ZY39] | 在馆 |